1075 1660 1727 1114 1086 1742 1556 1857 1563 1523 1748 1200 1837 1787 1012 1631 1727 1076 1795 1419 1630 1646 1904 1367 1781 1232 1950 1613 1455 1273 1333 1556 1196 1514 1823 1873 1095 1638 1020 1465 1895 1329 1130 1630 1341 1052 1809 1734 1240 1996 1182 1515 1386 1277 1157 1208 1440 1897 1479 1156 1431 1494 1818 1243 1476 1121 1106 1936 1789 1901 1955 1999 1646 1966 1423 1945 1331 1093 1666 1206 1576 1801 1964 1175 1949 1698 1184 1298 1592 1955 1386 1869 1338 1866 1298 1146 1400 1556 1683 BCNSPRNW ULIB Ver.6.0+V

เปลี่ยนเป็นภาษาไทย

Change to English
 แสดงรายละเอียดบรรณานุกรม
  กลับหน้าหลัก

Brief Record : Get Marc (ISO 2709) : E-mail record : QR code < ปิดหน้าต่าง
LEADER : 00000nam 2200000uu 4500
001    13399120534
003     ULIB
008    120924s2552||||th 000 0 tha d
020    ^a9786117183171
060 04 ^aWB545^bธ394ส 2552
100 0  ^aธวัชชัย กฤษณะประกร
245 10 ^aสมาธิบำบัดทางจิตเวชศาสตร์และสุขภาพจิต =^bMeditationtherapy in psychiatry and mental health /^cธวัชชัย กฤษณะประกรกิจ, สมจิตร์ หร่องบุตรศรี, ผ่องพรรณ กฤษณะประกรกิจ
250    ^aพิมพ์ครั้งที่ 1
260    ^aขอนแก่น :^bคณะแพทยศาสตร์ มหาวิทยาลัยขอนแก่น,^c2552
300    ^a271 หน้า :^bภาพประกอบ ;^c30 ซม.
536    ^aทุนส่งเสริมการผลิตตำรา มหาวิทยาลัยขอนแก่น ลำดับที่ 2
650  7 ^aจิตเวชศาสตร์
650  7 ^aสมาธิภาวนา^xการใช้รักษา
650  7 ^aสุขภาพจิต
700 0  ^aสมจิตร์ หร่องบุตรศรี
700 0  ^aผ่องพรรณ กฤษณะประกรกิจ
710 2  ^aมหาวิทยาลัยขอนแก่น.^bคณะแพทยศาสตร์
945    ^p250^l0^i16816
945    ^p250^l0^i16817
995    ^aกัณชพร
999 ^a ใช้งานได้ทุกระบบ
รายการนี้ยังไม่มีแท็ก
คุณยังไม่ได้ล็อกอิน คุณสามารถมีกิจกรรมร่วมกับเว็บไซต์ได้ แต่ต้องล็อกอินก่อน ::
  ล็อกอิน

รายการสื่อสารสนเทศ

ลำดับที่ ประเภท เลขเรียก/บาร์โค้ด สถานที่ สถานะ
1. วิทยาศาสตร์การแพทย์ และสุขภาพ
วิทยาศาสตร์การแพทย์ และสุขภาพ
สถานะ=หนังสือเก่า
WB545 ธ394ส 2552  
  Barcode: 16816
ห้องสมุดวิทยาเขตนครสวรรค์
►ส่วนจัดเก็บหนังสือเก่า นว.
บนชั้น
  ขอยืม
2. วิทยาศาสตร์การแพทย์ และสุขภาพ
วิทยาศาสตร์การแพทย์ และสุขภาพ
สถานะ=หนังสือเก่า
WB545 ธ394ส 2552 ฉ.2 
  Barcode: 16817
ห้องสมุดวิทยาเขตนครสวรรค์
►ส่วนจัดเก็บหนังสือเก่า นว.
บนชั้น
  ขอยืม

รายการใกล้เคียง
    ผู้แต่ง [ธวัชชัย กฤษณะประกร]

    หัวเรื่อง [จิตเวชศาสตร์]
    หัวเรื่อง [สุขภาพจิต]

BibComment


ยังไม่เคยถูกคอมเมนท์

คอมเมนท์ทรัพยากรรายการนี้
  คอมเมนท์: สมาธิบำบัดทางจิต..


 Copyright 2026. Bcnsprnw @Library